[Event "Tenerife-chT Primera"]
[Site "Tenerife"]
[Date "2023.03.25"]
[Round "9.2"]
[White "Gonzalez Melo, Antonio Manuel"]
[Black "Castilla Arteaga, Carlos David"]
[Result "1-0"]
[WhiteElo "1749"]
[BlackElo "1763"]
[PlyCount "49"]
[EventDate "2023.01.14"]
[EventType "team-tourn"]
[EventRounds "14"]
[EventCountry "ESP"]
[SourceTitle "EXT 2024"]
[Source "ChessBase"]
[SourceDate "2023.10.10"]
[SourceVersion "1"]
[SourceVersionDate "2023.10.10"]
[SourceQuality "1"]
[WhiteTeam "La Victoria 94"]
[BlackTeam "El Sauzal Libreria Barco II"]
[WhiteTeamCountry "ESP"]
[BlackTeamCountry "ESP"]

1. d4 Nf6 2. Bf4 d5 3. e3 e6 4. Nf3 Bd6 5. Ne5 0-0 6. Bd3 b6 7. Nd2 Ba6 8. Bxa6 Nxa6 9. h4 Ne4 10. Nxe4 dxe4 11. Qe2 Nb8 12. Qg4 Qe7 13. Bh6 Bxe5 14. dxe5 f6 15. Qxe4 Nd7 16. Bf4 fxe5 17. Bg3 Rad8 18. 0-0 Qf6 19. Rad1 Qf5 20. Qc6 Nc5 21. Rxd8 Rxd8 22. Qxc7 Rd5 23. c4 Rd7 24. Qc8+ Kf7 25. b4 1-0

[Event "Tenerife-chT Primera"]
[Site "Tenerife"]
[Date "2023.03.18"]
[Round "8.3"]
[White "Gonzalez Melo, Antonio Manuel"]
[Black "Diaz Luiz, Pedro"]
[Result "1-0"]
[WhiteElo "1749"]
[BlackElo "1617"]
[PlyCount "72"]
[EventDate "2023.01.14"]
[EventType "team-tourn"]
[EventRounds "14"]
[EventCountry "ESP"]
[SourceTitle "EXT 2024"]
[Source "ChessBase"]
[SourceDate "2023.10.10"]
[SourceVersion "1"]
[SourceVersionDate "2023.10.10"]
[SourceQuality "1"]
[WhiteTeam "La Victoria 94"]
[BlackTeam "Al Shah Mat Los Realejos II"]
[WhiteTeamCountry "ESP"]
[BlackTeamCountry "ESP"]

1. d4 Nf6 2. Bf4 c5 3. e3 g6 4. Nc3 Qa5 5. Qd2 Bg7 6. Nf3 d6 7. Be2 0-0 8. 0-0 Nh5 9. Bg5 f6 10. Bh4 Nc6 11. d5 Nd8 12. h3 Bh6 13. Nh2 Qb4 14. f4 Ng7 15. a3 Qb6 16. Ng4 Bxg4 17. hxg4 Ne8 18. Bd3 Bg7 19. f5 c4 20. Bxc4 Bh6 21. Bf2 gxf5 22. gxf5 Nf7 23. Qe2 Kh8 24. Bb3 Ne5 25. e4 Qa6 26. Qxa6 bxa6 27. Ne2 Ng4 28. Bd4 Nc7 29. a4 Rg8 30. Rf3 Ne5 31. Rh3 Bd2 32. Rd1 Ba5 33. Nf4 Rg7 34. Rf1 Rag8 35. Bxe5 Bb6+ 36. Kh1 Rg4 1-0

[Event "Tenerife-chT Primera"]
[Site "Tenerife"]
[Date "2023.01.28"]
[Round "3.4"]
[White "Gonzalez Melo, Antonio Manuel"]
[Black "Garcia Barrera, Jose Miguel"]
[Result "1-0"]
[WhiteElo "1749"]
[BlackElo "1289"]
[PlyCount "71"]
[EventDate "2023.01.14"]
[EventType "team-tourn"]
[EventRounds "14"]
[EventCountry "ESP"]
[SourceTitle "EXT 2024"]
[Source "ChessBase"]
[SourceDate "2023.10.10"]
[SourceVersion "1"]
[SourceVersionDate "2023.10.10"]
[SourceQuality "1"]
[WhiteTeam "La Victoria 94"]
[BlackTeam "Caissa Enroque II"]
[WhiteTeamCountry "ESP"]
[BlackTeamCountry "ESP"]

1. d4 d6 2. Bf4 Nf6 3. Nc3 g6 4. e4 Bg7 5. Qd2 c6 6. Bh6 0-0 7. 0-0-0 b5 8. f3 Nbd7 9. h4 Qa5 10. h5 b4 11. Nb1 Nxh5 12. Bxg7 Kxg7 13. g4 Nhf6 14. Qh6+ Kg8 15. e5 dxe5 16. Bd3 Rd8 17. g5 exd4 18. f4 Nf8 19. gxf6 exf6 20. Ne2 Bg4 21. Rdg1 Bxe2 22. Bxe2 Qd5 23. Nd2 Qxa2 24. Bc4 Qa1+ 25. Nb1 Rd5 26. f5 Rad8 27. fxg6 fxg6 28. Qf4 Kg7 29. Bxd5 Rxd5 30. Re1 Kf7 31. Qb8 h5 32. Qe8+ Kg7 33. Re7+ Kh6 34. Qxf8+ Kg5 35. Rg1+ Kf5 36. Rf1+ 1-0

[Event "Tenerife-chT Primera"]
[Site "Tenerife"]
[Date "2022.05.28"]
[Round "14.2"]
[White "Gonzalez Miranda, Alejandro"]
[Black "Gonzalez Melo, Antonio Manuel"]
[Result "0-1"]
[WhiteElo "1224"]
[BlackElo "1713"]
[PlyCount "80"]
[EventDate "2022.01.29"]
[EventType "team-tourn"]
[EventRounds "14"]
[EventCountry "ESP"]
[SourceTitle "EXT 2024"]
[Source "ChessBase"]
[SourceDate "2023.10.10"]
[SourceVersion "1"]
[SourceVersionDate "2023.10.10"]
[SourceQuality "1"]
[WhiteTeam "Santa Ursula Badnor"]
[BlackTeam "La Victoria 94"]
[WhiteTeamCountry "ESP"]
[BlackTeamCountry "ESP"]

1. e4 e6 2. d4 d5 3. e5 c5 4. c3 Nc6 5. Nf3 Bd7 6. Be3 cxd4 7. cxd4 Qb6 8. Qc2 Rc8 9. Nc3 Nge7 10. Bd3 Nb4 11. Qd2 Nxd3+ 12. Qxd3 Qxb2 13. Rc1 Nf5 14. Bd2 Qa3 15. Rb1 Bb4 16. Rb3 Qa5 17. 0-0 Rc4 18. Rfb1 Bc6 19. a3 Bxc3 20. Bxc3 Qc7 21. Nd2 Ra4 22. Qc2 b5 23. Ba1 a6 24. Rc1 Kd7 25. Rf3 h5 26. h3 h4 27. Kh2 Qb6 28. g4 hxg3+ 29. fxg3 Rg8 30. Rb3 Nxd4 31. Bxd4 Rxd4 32. Rc3 Rc8 33. Rc5 Rc4 34. Rxc4 dxc4 35. Rf1 Rf8 36. Qd1 Ke7 37. Qg4 Qe3 38. Nb1 Qxe5 39. Qh4+ f6 40. Qh7 Qb2+ 0-1

[Event "Tenerife-chT Primera"]
[Site "Tenerife"]
[Date "2022.05.07"]
[Round "11.2"]
[White "Gonzalez Melo, Antonio Manuel"]
[Black "Sanchez Rodriguez, Pablo"]
[Result "1-0"]
[WhiteElo "1713"]
[BlackElo "1435"]
[PlyCount "36"]
[EventDate "2022.01.29"]
[EventType "team-tourn"]
[EventRounds "14"]
[EventCountry "ESP"]
[SourceTitle "EXT 2024"]
[Source "ChessBase"]
[SourceDate "2023.10.10"]
[SourceVersion "1"]
[SourceVersionDate "2023.10.10"]
[SourceQuality "1"]
[WhiteTeam "La Victoria 94"]
[BlackTeam "Al Shah Mat Los Realejos II"]
[WhiteTeamCountry "ESP"]
[BlackTeamCountry "ESP"]

1. d4 d5 2. Bf4 e6 3. e3 Nf6 4. Nd2 Bd6 5. Ngf3 0-0 6. Bd3 b6 7. Ne5 Bb7 8. Qf3 c5 9. c3 h6 10. g4 Qc7 11. h4 Nfd7 12. Qg3 Nc6 13. Nxd7 Bxf4 14. Nf6+ gxf6 15. exf4 e5 16. g5 exf4 17. Qg4 Qe7+ 18. Kf1 f5 1-0

[Event "Tenerife-chT Primera"]
[Site "Tenerife"]
[Date "2022.04.30"]
[Round "10.2"]
[White "Gonzalez Melo, Antonio Manuel"]
[Black "Septien Lopez, Valeriano"]
[Result "1-0"]
[WhiteElo "1713"]
[BlackElo "1773"]
[PlyCount "58"]
[EventDate "2022.01.29"]
[EventType "team-tourn"]
[EventRounds "14"]
[EventCountry "ESP"]
[SourceTitle "EXT 2024"]
[Source "ChessBase"]
[SourceDate "2023.10.10"]
[SourceVersion "1"]
[SourceVersionDate "2023.10.10"]
[SourceQuality "1"]
[WhiteTeam "La Victoria 94"]
[BlackTeam "El Sauzal II"]
[WhiteTeamCountry "ESP"]
[BlackTeamCountry "ESP"]

1. d4 Nf6 2. Nf3 g6 3. Bg5 Bg7 4. Nbd2 d5 5. e3 Bf5 6. Bd3 Ne4 7. Bf4 Nd7 8. 0-0 0-0 9. h3 Ndf6 10. Ne5 g5 11. Bh2 Nd6 12. Rc1 Bg6 13. Nxg6 hxg6 14. c4 c6 15. cxd5 cxd5 16. a3 Rc8 17. Qb3 g4 18. hxg4 Nxg4 19. Qxd5 Nxh2 20. Kxh2 Qb6 21. Qb3 Qa5 22. Nf3 Qh5+ 23. Kg1 Rcd8 24. Rc5 Qh6 25. Rg5 Nf5 26. Bxf5 gxf5 27. Rxf5 Bf6 28. Qb5 Kg7 29. Rh5 Qg6 1-0

[Event "Tenerife-chT Primera"]
[Site "Tenerife"]
[Date "2022.03.05"]
[Round "5.2"]
[White "Gonzalez Melo, Antonio Manuel"]
[Black "Gil Ojeda, Lucia"]
[Result "1/2-1/2"]
[WhiteElo "1713"]
[BlackElo "1535"]
[PlyCount "63"]
[EventDate "2022.01.29"]
[EventType "team-tourn"]
[EventRounds "14"]
[EventCountry "ESP"]
[SourceTitle "EXT 2024"]
[Source "ChessBase"]
[SourceDate "2023.10.10"]
[SourceVersion "1"]
[SourceVersionDate "2023.10.10"]
[SourceQuality "1"]
[WhiteTeam "La Victoria 94"]
[BlackTeam "Fundacion La Caja de Canarias II"]
[WhiteTeamCountry "ESP"]
[BlackTeamCountry "ESP"]

1. d4 Nf6 2. Bf4 e6 3. e3 d5 4. Nf3 Nbd7 5. Nbd2 Be7 6. Bd3 c5 7. c3 b6 8. Ne5 Bb7 9. Qf3 h6 10. h4 Nxe5 11. Bxe5 Rg8 12. g4 Bd6 13. Bb5+ Ke7 14. Bxd6+ Qxd6 15. Nc4 Qc7 16. Ne5 a6 17. Ba4 b5 18. Bc2 cxd4 19. exd4 Rgf8 20. Qf4 Rac8 21. a3 Nd7 22. Nd3 Qxf4 23. Nxf4 g6 24. Bxg6 fxg6 25. Nxg6+ Kf6 26. Nxf8 Rxf8 27. f4 Kg6 28. h5+ Kg7 29. Rf1 Nf6 30. Rg1 Ne4 31. Rf1 Nf6 32. Rg1 1/2-1/2

[Event "Tenerife-chT Primera"]
[Site "Tenerife"]
[Date "2021.09.25"]
[Round "12.1"]
[White "Gonzalez Melo, Antonio Manuel"]
[Black "Gonzalez Isac, Alberto"]
[Result "1/2-1/2"]
[WhiteElo "1686"]
[BlackElo "1915"]
[PlyCount "44"]
[EventDate "2021.02.27"]
[EventType "team-tourn"]
[EventRounds "14"]
[EventCountry "ESP"]
[SourceTitle "EXT 2023"]
[Source "ChessBase"]
[SourceDate "2022.10.05"]
[SourceVersion "1"]
[SourceVersionDate "2022.10.05"]
[SourceQuality "1"]
[WhiteTeam "La Victoria 94"]
[BlackTeam "Circulo de Amistad XII Enero"]
[WhiteTeamCountry "ESP"]
[BlackTeamCountry "ESP"]

1. d4 d5 2. Bf4 c5 3. e3 Nc6 4. c3 Bf5 5. Qb3 Qd7 6. Nf3 e6 7. Be5 Bd6 8. Bxd6 Qxd6 9. Nbd2 c4 10. Qa4 Nge7 11. Ne5 h6 12. b3 cxb3 13. axb3 0-0 14. f4 Qc7 15. Rc1 a6 16. Be2 Nxe5 17. fxe5 f6 18. exf6 Rxf6 19. 0-0 Bg6 20. Rxf6 gxf6 21. Qa3 Rc8 22. Bg4 Bf5 1/2-1/2

[Event "Tenerife-chT Primera"]
[Site "Tenerife"]
[Date "2021.06.05"]
[Round "8.2"]
[White "Remon Garcia, Jose Domingo"]
[Black "Gonzalez Melo, Antonio Manuel"]
[Result "1/2-1/2"]
[WhiteElo "1891"]
[BlackElo "1686"]
[PlyCount "86"]
[EventDate "2021.02.27"]
[EventType "team-tourn"]
[EventRounds "14"]
[EventCountry "ESP"]
[SourceTitle "EXT 2023"]
[Source "ChessBase"]
[SourceDate "2022.10.05"]
[SourceVersion "1"]
[SourceVersionDate "2022.10.05"]
[SourceQuality "1"]
[WhiteTeam "Al Shah Mat Los Realejos II"]
[BlackTeam "La Victoria 94"]
[WhiteTeamCountry "ESP"]
[BlackTeamCountry "ESP"]

1. e4 e6 2. d3 d5 3. Nd2 Nf6 4. Ngf3 Be7 5. g3 0-0 6. e5 Nfd7 7. Bg2 c5 8. 0-0 Nc6 9. Re1 Qc7 10. Qe2 f6 11. exf6 Nxf6 12. b3 Bd7 13. Bb2 h6 14. Bh3 Nd8 15. Ne5 Bc8 16. Ng6 Re8 17. Nxe7+ Qxe7 18. Nf3 Nc6 19. Ne5 Nxe5 20. Qxe5 Bd7 21. f4 Qf7 22. Re2 Qh5 23. Qxh5 Nxh5 24. Rae1 Kf7 25. a4 a5 26. Be5 Nf6 27. Bg2 Rac8 28. h3 Bc6 29. g4 Nd7 30. Bc3 b6 31. Bb2 Nf6 32. Kf2 d4 33. Bxc6 Rxc6 34. Bc1 Nd5 35. Bd2 Nf6 36. Kf3 Rd6 37. h4 h5 38. g5 Nd5 39. f5 g6 40. f6 Rd7 41. Re5 Rd6 42. R1e4 Rd7 43. Re1 Rd6 1/2-1/2

[Event "Tenerife-chT Primera"]
[Site "Tenerife"]
[Date "2021.05.29"]
[Round "7.2"]
[White "Gonzalez Melo, Antonio Manuel"]
[Black "Mamani Beltran, Daniel"]
[Result "0-1"]
[WhiteElo "1686"]
[BlackElo "1834"]
[PlyCount "122"]
[EventDate "2021.02.27"]
[EventType "team-tourn"]
[EventRounds "14"]
[EventCountry "ESP"]
[SourceTitle "EXT 2023"]
[Source "ChessBase"]
[SourceDate "2022.10.05"]
[SourceVersion "1"]
[SourceVersionDate "2022.10.05"]
[SourceQuality "1"]
[WhiteTeam "La Victoria 94"]
[BlackTeam "Fundacion La Caja de Canarias II"]
[WhiteTeamCountry "ESP"]
[BlackTeamCountry "ESP"]

1. d4 d5 2. Bf4 Bf5 3. c4 e6 4. Nc3 Nc6 5. e3 Nf6 6. Nf3 Bd6 7. Ne5 Nb4 8. Rc1 0-0 9. c5 Bxe5 10. Bxe5 Ne4 11. Nxe4 dxe4 12. a3 Nd3+ 13. Bxd3 exd3 14. 0-0 f6 15. Bg3 c6 16. Bd6 Rf7 17. f3 e5 18. e4 Bg6 19. dxe5 fxe5 20. Qxd3 Qg5 21. Rcd1 Bh5 22. Qd2 Qf6 23. Qc3 Re8 24. Qa5 Qg6 25. Qc3 h6 26. Kh1 Qf6 27. Rd2 g5 28. Rdf2 Bg6 29. Qc4 h5 30. b4 a6 31. a4 b5 32. axb5 axb5 33. Qb3 Qf4 34. Qa2 h4 35. h3 Qg3 36. Qc2 Kg7 37. Qb2 Kh6 38. Qd2 Rf4 39. Qb2 Rf6 40. Qd2 Bf7 41. Ra1 Be6 42. Qe2 Rh8 43. Qf1 Kg6 44. Be7 Rf7 45. Bd6 Bc4 46. Qg1 g4 47. Ra3 Be6 48. Rd2 Bc4 49. Qf2 gxh3 50. gxh3 Qxh3+ 51. Qh2 Qf1+ 52. Qg1+ Qxg1+ 53. Kxg1 Kf6 54. Rh2 Ke6 55. Rh3 Rg8+ 56. Kf2 Rg4 57. Ra6 Rxe4 58. Rxc6 Re2+ 59. Kg1 Rg7+ 60. Kh1 Kd5 61. Rc7 Re1+ 0-1

[Event "Tenerife-chT Primera"]
[Site "Tenerife"]
[Date "2021.02.27"]
[Round "1.1"]
[White "Rousseau, Benoit"]
[Black "Gonzalez Melo, Antonio Manuel"]
[Result "1/2-1/2"]
[WhiteElo "1981"]
[BlackElo "1686"]
[PlyCount "70"]
[EventDate "2021.02.27"]
[EventType "team-tourn"]
[EventRounds "14"]
[EventCountry "ESP"]
[SourceTitle "EXT 2023"]
[Source "ChessBase"]
[SourceDate "2022.10.05"]
[SourceVersion "1"]
[SourceVersionDate "2022.10.05"]
[SourceQuality "1"]
[WhiteTeam "Al Shah Mat Los Realejos II"]
[BlackTeam "La Victoria 94"]
[WhiteTeamCountry "ESP"]
[BlackTeamCountry "ESP"]

1. b3 d6 2. f4 Nf6 3. Bb2 g6 4. Nf3 Bg7 5. e3 0-0 6. Nc3 Ne4 7. d4 Nxc3 8. Bxc3 c5 9. Bd3 Nc6 10. Qd2 cxd4 11. Nxd4 Qb6 12. Nxc6 Qxc6 13. Bxg7 Kxg7 14. 0-0 Qc5 15. Kh1 Bd7 16. Rae1 d5 17. f5 Bb5 18. Bxb5 Qxb5 19. Qd4+ f6 20. e4 dxe4 21. c4 Qe5 22. Qxe5 fxe5 23. Rxe4 Rxf5 24. Rxf5 gxf5 25. Rxe5 Kf6 26. Rd5 Ke6 27. Kg1 Rc8 28. Kf1 Rc7 29. Rd8 Kf6 30. Ke2 e5 31. Ke3 Re7 32. g3 Ke6 33. b4 Rd7 34. Re8+ Kf6 35. Rf8+ Ke6 1/2-1/2

[Event "Tenerife-chT Primera 1920"]
[Site "Tenerife "]
[Date "2020.02.08"]
[Round "6.2"]
[White "Mamani Beltran, Daniel"]
[Black "Gonzalez Melo, Antonio Manuel"]
[Result "1/2-1/2"]
[WhiteElo "1877"]
[BlackElo "1656"]
[PlyCount "57"]
[EventDate "2019.11.30"]
[EventType "team-tourn"]
[EventRounds "14"]
[EventCountry "ESP"]
[SourceTitle "CBM 195 Extra"]
[Source "ChessBase"]
[SourceDate "2020.05.31"]
[SourceVersion "1"]
[SourceVersionDate "2020.05.31"]
[SourceQuality "1"]
[WhiteTeam "Fundacion La Caja de Canarias II"]
[BlackTeam "La Victoria 94"]
[WhiteTeamCountry "ESP"]
[BlackTeamCountry "ESP"]

1. d4 d5 2. c4 Bf5 3. Nc3 e6 4. cxd5 exd5 5. Nf3 c6 6. Bf4 Qb6 7. Na4 Qa5+ 8. Bd2 Qc7 9. g3 Nf6 10. Bg2 Ne4 11. 0-0 Bd6 12. Rc1 Nd7 13. Nc3 Nxc3 14. Bxc3 0-0 15. Ne1 Nf6 16. Nd3 Ne4 17. Be1 Qe7 18. f3 Nf6 19. Bf2 Rfe8 20. Re1 Bxd3 21. exd3 Qd7 22. Rc2 Rxe1+ 23. Qxe1 Re8 24. Re2 Rxe2 25. Qxe2 Kf8 26. Qf1 Qf5 27. Bh3 Qxf3 28. Bc8 Ng4 29. Bxb7 1/2-1/2

[Event "Tenerife-chT Primera 1920"]
[Site "Tenerife "]
[Date "2020.01.04"]
[Round "4.2"]
[White "Gonzalez Melo, Antonio Manuel"]
[Black "Gonzalez Isac, Alberto"]
[Result "1/2-1/2"]
[WhiteElo "1656"]
[BlackElo "1924"]
[PlyCount "52"]
[EventDate "2019.11.30"]
[EventType "team-tourn"]
[EventRounds "14"]
[EventCountry "ESP"]
[SourceTitle "CBM 195 Extra"]
[Source "ChessBase"]
[SourceDate "2020.05.31"]
[SourceVersion "1"]
[SourceVersionDate "2020.05.31"]
[SourceQuality "1"]
[WhiteTeam "La Victoria 94"]
[BlackTeam "Circulo de Amistad XII Enero"]
[WhiteTeamCountry "ESP"]
[BlackTeamCountry "ESP"]

1. d4 d5 2. Bf4 Nf6 3. e3 c5 4. c3 Nc6 5. Nd2 Qb6 6. Qb3 c4 7. Qc2 g6 8. b3 Bf5 9. Qc1 cxb3 10. axb3 Nh5 11. Bg3 h6 12. Bh4 Bg7 13. Be2 Nf6 14. Ngf3 g5 15. Bg3 Nh5 16. c4 Nxg3 17. hxg3 e6 18. c5 Qc7 19. Ra4 0-0 20. 0-0 a5 21. Nb1 b6 22. Nc3 bxc5 23. Nb5 Qb6 24. dxc5 Qb7 25. Qa3 Rfb8 26. Rd1 Bg6 1/2-1/2

[Event "San Cristobal de La Laguna op 2nd"]
[Site "San Cristobal de la Laguna"]
[Date "2019.08.31"]
[Round "1"]
[White "Gonzalez Melo, Antonio Manuel"]
[Black "Roeder, Mathias"]
[Result "0-1"]
[WhiteElo "1672"]
[BlackElo "2373"]
[PlyCount "100"]
[EventDate "2019.08.31"]
[EventType "swiss"]
[EventRounds "9"]
[EventCountry "ESP"]
[SourceTitle "EXT 2020"]
[Source "ChessBase"]
[SourceDate "2019.10.17"]
[SourceVersion "1"]
[SourceVersionDate "2019.10.17"]
[SourceQuality "1"]

1. d4 d5 2. Bf4 Nf6 3. e3 c5 4. c3 Nc6 5. Nd2 e6 6. Ngf3 Be7 7. Ne5 Nxe5 8. Bxe5 Qb6 9. Qb3 Bd7 10. Be2 Bc6 11. 0-0 0-0 12. Bf3 Nd7 13. Bg3 Rac8 14. dxc5 Nxc5 15. Qxb6 axb6 16. Be2 b5 17. Nb3 Na4 18. Rab1 b4 19. cxb4 Bxb4 20. Nd4 Bd7 21. a3 Be7 22. Bd1 Rfd8 23. Bxa4 Bxa4 24. Rbc1 Bc5 25. Nf3 Bb6 26. Be5 f6 27. Rxc8 Rxc8 28. Bc3 e5 29. Rc1 Kf7 30. Kf1 g5 31. h3 h5 32. Ke1 Ke6 33. Kd2 g4 34. hxg4 hxg4 35. Nh4 Rh8 36. g3 Bc6 37. b4 Rg8 38. b5 Bd7 39. a4 Ra8 40. Ra1 d4 41. Bb2 dxe3+ 42. fxe3 Kd5 43. Kd3 Rxa4 44. Rxa4 Bxb5+ 45. Kd2 Bxa4 46. Nf5 Bc5 47. Nh6 Bd7 48. Kd3 e4+ 49. Kd2 Be6 50. Bxf6 Bd6 0-1

[Event "Tenerife Verano op"]
[Site "Tenerife"]
[Date "2019.08.28"]
[Round "8"]
[White "Gonzalez Melo, Antonio Manuel"]
[Black "Rodriguez Redondo, Adhara"]
[Result "0-1"]
[WhiteElo "1672"]
[BlackElo "1945"]
[PlyCount "70"]
[EventDate "2019.07.29"]
[EventType "swiss"]
[EventRounds "9"]
[EventCountry "ESP"]
[SourceTitle "EXT 2020"]
[Source "ChessBase"]
[SourceDate "2019.10.17"]
[SourceVersion "1"]
[SourceVersionDate "2019.10.17"]
[SourceQuality "1"]

1. d4 d5 2. Bf4 Nf6 3. e3 e6 4. Nd2 Bd6 5. Bg3 c5 6. c3 Nc6 7. Ngf3 Qe7 8. Ne5 0-0 9. Bd3 cxd4 10. exd4 g6 11. h4 Nh5 12. Bh2 Bxe5 13. dxe5 Qxh4 14. g3 Qe7 15. g4 Ng7 16. Qf3 f5 17. Bf4 fxg4 18. Qxg4 Qf7 19. Bg3 Nf5 20. 0-0-0 Qc7 21. Rde1 Rf7 22. Nf3 Rg7 23. Bf4 d4 24. Bd2 Nb4 25. Bxf5 exf5 26. Qxd4 Nxa2+ 27. Kb1 Be6 28. Ng5 Bb3 29. e6 Rd8 30. e7 Rxe7 31. Rxe7 Qxe7 32. Qf4 Qd6 33. Nf3 Qd3+ 34. Ka1 Qa6 35. Kb1 Nxc3+ 0-1

[Event "Tenerife Verano op"]
[Site "Tenerife"]
[Date "2019.08.26"]
[Round "7"]
[White "Hernandez Alonso, Pedro"]
[Black "Gonzalez Melo, Antonio Manuel"]
[Result "0-1"]
[WhiteElo "1156"]
[BlackElo "1672"]
[PlyCount "60"]
[EventDate "2019.07.29"]
[EventType "swiss"]
[EventRounds "9"]
[EventCountry "ESP"]
[SourceTitle "EXT 2020"]
[Source "ChessBase"]
[SourceDate "2019.10.17"]
[SourceVersion "1"]
[SourceVersionDate "2019.10.17"]
[SourceQuality "1"]

1. d4 f5 2. Nf3 Nf6 3. Bf4 d6 4. h3 g6 5. e3 Bg7 6. c4 0-0 7. Be2 Qe8 8. 0-0 Nbd7 9. Nc3 e5 10. dxe5 dxe5 11. Bh2 c6 12. a3 a5 13. Qd2 Qe7 14. Rfb1 Kh8 15. Na2 Ne4 16. Qe1 a4 17. Nb4 Ndc5 18. Bd1 g5 19. Bc2 g4 20. hxg4 fxg4 21. Nd2 Bf5 22. Rd1 Nxf2 23. Rdb1 Bxc2 24. Nxc2 Nfd3 25. Qe2 Rf2 26. Qd1 Qh4 27. Nf1 Raf8 28. Ng3 Rxg2+ 29. Kxg2 Rf2+ 30. Kg1 Qxh2# 0-1

[Event "Tenerife Verano op"]
[Site "Tenerife"]
[Date "2019.08.08"]
[Round "6"]
[White "Mendoza de Leon, Alvaro"]
[Black "Gonzalez Melo, Antonio Manuel"]
[Result "0-1"]
[WhiteElo "1228"]
[BlackElo "1672"]
[PlyCount "63"]
[EventDate "2019.07.29"]
[EventType "swiss"]
[EventRounds "9"]
[EventCountry "ESP"]
[SourceTitle "EXT 2020"]
[Source "ChessBase"]
[SourceDate "2019.10.17"]
[SourceVersion "1"]
[SourceVersionDate "2019.10.17"]
[SourceQuality "1"]

1. e4 e5 2. Nf3 d6 3. Nc3 Nf6 4. h3 Be7 5. Bc4 0-0 6. 0-0 c6 7. d4 Nbd7 8. Be3 b5 9. Bb3 b4 10. Ne2 Nxe4 11. Qd3 Nef6 12. Qc4 Qc7 13. Qxb4 a5 14. Qa3 e4 15. Nd2 Nb6 16. c4 Ba6 17. Rfe1 a4 18. Bc2 Bxc4 19. Qc3 d5 20. Bf4 Qd7 21. Qg3 Nh5 22. Qh2 Nxf4 23. Nxf4 Bd6 24. Qg3 Qc7 25. Nxc4 Nxc4 26. Qc3 Bxf4 27. b3 Bd2 28. Qg3 Qxg3 29. fxg3 axb3 30. axb3 Bxe1 31. Rxe1 Nd6 32. Rc1 0-1

[Event "Tenerife-chT Primera 1819"]
[Site "Tenerife"]
[Date "2019.04.06"]
[Round "13.3"]
[White "Oudeh Mishmesh, Omar"]
[Black "Gonzalez Melo, Antonio Manuel"]
[Result "1-0"]
[WhiteElo "1475"]
[BlackElo "1667"]
[PlyCount "79"]
[EventDate "2018.11.24"]
[EventType "team-tourn"]
[EventRounds "14"]
[EventCountry "ESP"]
[SourceTitle "CBM 189 Extra"]
[Source "ChessBase"]
[SourceDate "2019.06.03"]
[SourceVersion "1"]
[SourceVersionDate "2019.06.03"]
[SourceQuality "1"]
[WhiteTeam "Al Shah Mat Los Realejos"]
[BlackTeam "La Victoria 94"]
[WhiteTeamCountry "ESP"]
[BlackTeamCountry "ESP"]

1. d4 d5 2. Bf4 Nf6 3. e3 c5 4. Nf3 Nc6 5. Be2 Qb6 6. Nc3 a6 7. a3 cxd4 8. exd4 Bg4 9. Be3 e6 10. 0-0 Bd6 11. h3 Bxf3 12. Bxf3 Qxb2 13. Na4 Qb5 14. c4 Qa5 15. c5 Qd8 16. cxd6 Qxd6 17. Qd2 0-0 18. Bf4 Qe7 19. Nb6 Rad8 20. Rfe1 Ne4 21. Bxe4 dxe4 22. Rxe4 f5 23. Ree1 Rxd4 24. Qe3 Re4 25. Qg3 Rd4 26. Rac1 Qd8 27. Nc4 Qe7 28. Ne5 Nxe5 29. Bxe5 Rd3 30. f3 Rf7 31. Rc7 Qe8 32. Rec1 Rd8 33. Bxg7 f4 34. Qg4 h5 35. Qxh5 Rxg7 36. Rxg7+ Kxg7 37. Rc7+ Kf6 38. Qh6+ Kf5 39. Qh7+ Kf6 40. Qg7+ 1-0

[Event "Tenerife-chT Primera 1819"]
[Site "Tenerife"]
[Date "2019.01.26"]
[Round "6.4"]
[White "De Leon Rodriguez, Jose Carlos"]
[Black "Gonzalez Melo, Antonio Manuel"]
[Result "1-0"]
[WhiteElo "1603"]
[BlackElo "1667"]
[PlyCount "45"]
[EventDate "2018.11.24"]
[EventType "team-tourn"]
[EventRounds "14"]
[EventCountry "ESP"]
[SourceTitle "CBM 189 Extra"]
[Source "ChessBase"]
[SourceDate "2019.06.03"]
[SourceVersion "1"]
[SourceVersionDate "2019.06.03"]
[SourceQuality "1"]
[WhiteTeam "Al Shah Mat Los Realejos"]
[BlackTeam "La Victoria 94"]
[WhiteTeamCountry "ESP"]
[BlackTeamCountry "ESP"]

1. e4 d6 2. Nf3 e5 3. Nc3 Be7 4. Ne2 Nf6 5. Ng3 0-0 6. Bc4 c6 7. d3 Nbd7 8. 0-0 b5 9. Bb3 Nc5 10. d4 Ncd7 11. c3 h6 12. h3 Re8 13. Be3 Bf8 14. Nd2 Nb6 15. f4 exd4 16. Bxd4 c5 17. Bf2 Bb7 18. Qe2 c4 19. Bc2 Nxe4 20. Ndxe4 d5 21. Rad1 Qe7 22. Nf6+ gxf6 23. Qg4+ 1-0

[Event "Tenerife-chT Primera 1718"]
[Site "Tenerife"]
[Date "2018.03.10"]
[Round "12.4"]
[White "De Leon Rodriguez, Jose Carlos"]
[Black "Gonzalez Melo, Antonio Manuel"]
[Result "1-0"]
[WhiteElo "1633"]
[BlackElo "1648"]
[PlyCount "110"]
[EventDate "2017.11.11"]
[EventType "team-tourn"]
[EventRounds "14"]
[EventCountry "ESP"]
[SourceTitle "CBM 187 Extra"]
[Source "ChessBase"]
[SourceDate "2018.11.04"]
[SourceVersion "1"]
[SourceVersionDate "2018.11.04"]
[SourceQuality "1"]
[WhiteTeam "Al Shah Mat Los Realejos III"]
[BlackTeam "La Victoria 94 II"]
[WhiteTeamCountry "ESP"]
[BlackTeamCountry "ESP"]

1. e4 e6 2. d4 d5 3. exd5 exd5 4. c4 Nf6 5. Nf3 Bb4+ 6. Nc3 0-0 7. Be2 dxc4 8. Bxc4 Re8+ 9. Be2 Be6 10. 0-0 h6 11. Bd3 Nc6 12. a3 Be7 13. Bc2 Bg4 14. d5 Ne5 15. Bf4 Nxf3+ 16. gxf3 Bh5 17. Kh1 Bd6 18. Be3 Qd7 19. Kg2 a6 20. Qd3 Bg6 21. Qd2 Bxc2 22. Qxc2 Re5 23. Rg1 Rh5 24. Kf1 Re8 25. Ke2 Bf4 26. Ne4 Nxe4 27. fxe4 Bxe3 28. Kxe3 Qxd5 29. f4 Qb5 30. Rad1 Rc5 31. Qb1 Qb6 32. Kf3 Rc4 33. Rge1 Qe6 34. f5 Qe5 35. Qd3 b5 36. Rd2 c5 37. Qe3 Qf6 38. Qf4 Rd4 39. Ree2 Red8 40. h3 Rd3+ 41. Kg2 Qd4 42. Rxd3 Qxd3 43. Qf3 Qxf3+ 44. Kxf3 Rd3+ 45. Re3 Rxe3+ 46. Kxe3 f6 47. e5 fxe5 48. Ke4 Kf7 49. Kxe5 b4 50. Kd5 bxa3 51. bxa3 c4 52. Kxc4 Ke7 53. Kc5 Kd7 54. Kb6 Kc8 55. Kxa6 Kc7 1-0